000 00454nam a2200193Ia 4500
001 13559
003 GE_BSU
008 181216s||||||||xx |||||||||||||| ||und||
040 _cGE_BSU
080 _a796
100 _aKimmage,Paul
245 _aFull time. The Secret life of Tony Cascarino
260 _aLondon
260 _bScribner
260 _c2000
300 _a201p.18cm.
653 _aFull time. The Secret life of Tony Cascarino
942 _cBK
999 _c46715
_d46715